000 00853nas a2200301 4500
001 BR9200932
003 BR-BrBNA
005 20231205092327.0
007 ta
008 230509b bl.|||p| |||| 00| 00por d
040 _aBR-BrBNA
_bpor
_cBiblioteca Nacional de Agricultura
041 _a(Pt)
072 _aF04
100 1 _aBolsanello, J.
100 1 _aWeber, H.
100 1 _aAzeredo, D.F. de
245 1 _aLocalizacao do fertilizante em cana-soca na zona da mata de Minas Gerais
650 _aCANA DE ACUCAR
650 _aFERTILIZANTE
650 _aADUBACAO
650 _aCHUVA
650 _aSOLO
650 _aLATOSSOLO VERMELHO AMARELO
650 _aPODZOLICO
773 0 _tBrasil Acucareiro (Brazil)
_xISSN 0006-9167
_g(1986), v. 104(3-4) p. 14-17
_wBR9200932
909 _a202311
_bLúcia
_c55
_dLúcia Elande
942 _2AGRIS
_n0
_cANA
999 _c130957
_d130957